[Event "Steyr Landesliga 2122"]
[Site "Austria"]
[Date "2021.11.13"]
[Round "2.2"]
[White "Mitter, Gerd"]
[Black "Ofner, Maximilian"]
[Result "1/2-1/2"]
[WhiteElo "2151"]
[BlackElo "2192"]
[PlyCount "90"]
[EventDate "2021.10.16"]
[EventType "team-tourn"]
[EventRounds "11"]
[EventCountry "AUT"]
[SourceTitle "EXT 2023"]
[Source "ChessBase"]
[SourceDate "2022.10.05"]
[SourceVersion "1"]
[SourceVersionDate "2022.10.05"]
[SourceQuality "1"]
[WhiteTeam "Trofaiach Niklasdorf"]
[BlackTeam "Gleisdorf"]
[WhiteTeamCountry "AUT"]
[BlackTeamCountry "AUT"]

1. Nf3 Nf6 2. c4 e6 3. g3 d5 4. Bg2 Be7 5. 0-0 0-0 6. d4 dxc4 7. Qc2 a6 8. a4 Bd7 9. Qxc4 Bc6 10. Nc3 b5 11. Qd3 b4 12. Nb1 Be4 13. Qd1 c5 14. Nbd2 Bd5 15. dxc5 Nbd7 16. c6 Bxc6 17. Nc4 Bc5 18. Be3 Bxe3 19. Nxe3 Qe7 20. Rc1 Rac8 21. Nd4 Bxg2 22. Rxc8 Rxc8 23. Nxg2 Qc5 24. Ne3 Nb6 25. Nb3 Qc6 26. a5 Nbd5 27. Nxd5 Nxd5 28. Qc1 Qd7 29. Qd2 Qb5 30. Rc1 Rxc1+ 31. Qxc1 g6 32. Qc2 Ne7 33. e4 Nc6 34. Qc5 Qa4 35. Nd2 Nxa5 36. Nf3 Qb5 37. Qc7 Nc4 38. e5 Qd5 39. Qb8+ Kg7 40. Qxb4 Nxb2 41. Qf4 Nc4 42. Qf6+ Kg8 43. g4 Qd7 44. Qf4 Nb6 45. h4 Nd5 1/2-1/2

[Event "Steyr Landesliga 1920"]
[Site "Austria"]
[Date "2019.12.07"]
[Round "6.2"]
[White "Schreiner, Till"]
[Black "Mitter, Gerd"]
[Result "1/2-1/2"]
[WhiteElo "2333"]
[BlackElo "2171"]
[PlyCount "28"]
[EventDate "2019.09.28"]
[EventType "team-tourn"]
[EventRounds "11"]
[EventCountry "AUT"]
[SourceTitle "CBM 194 Extra"]
[Source "ChessBase"]
[SourceDate "2020.03.31"]
[SourceVersion "1"]
[SourceVersionDate "2020.03.31"]
[SourceQuality "1"]
[WhiteTeam "Graz Styria"]
[BlackTeam "Trofaiach Niklasdorf"]
[WhiteTeamCountry "AUT"]
[BlackTeamCountry "AUT"]

1. d4 Nf6 2. c4 g6 3. Nf3 Bg7 4. g3 0-0 5. Bg2 d5 6. cxd5 Nxd5 7. 0-0 c5 8. e4 Nf6 9. e5 Nd5 10. dxc5 Nc6 11. Na3 Ndb4 12. Qe2 Qd3 13. Qxd3 Nxd3 14. Rd1 Nxc5 1/2-1/2

[Event "Steyr Landesliga 1920"]
[Site "Austria"]
[Date "2019.11.16"]
[Round "4.3"]
[White "Mitter, Gerd"]
[Black "Perhinig, Robert"]
[Result "1/2-1/2"]
[WhiteElo "2171"]
[BlackElo "2289"]
[PlyCount "20"]
[EventDate "2019.09.28"]
[EventType "team-tourn"]
[EventRounds "11"]
[EventCountry "AUT"]
[SourceTitle "CBM 193 Extra"]
[Source "ChessBase"]
[SourceDate "2020.01.31"]
[SourceVersion "1"]
[SourceVersionDate "2020.01.31"]
[SourceQuality "1"]
[WhiteTeam "Trofaiach Niklasdorf"]
[BlackTeam "Graz Schachgesellschaft"]
[WhiteTeamCountry "AUT"]
[BlackTeamCountry "AUT"]

1. Nf3 d5 2. g3 Nf6 3. Bg2 e6 4. c4 Be7 5. 0-0 0-0 6. b3 b6 7. Bb2 Bb7 8. cxd5 Bxd5 9. Nc3 Bb7 10. d4 c5 1/2-1/2

[Event "Steyr Landesliga 1819"]
[Site "Austria"]
[Date "2019.02.09"]
[Round "8.3"]
[White "Zechner, Gernot"]
[Black "Mitter, Gerd"]
[Result "1/2-1/2"]
[WhiteElo "2261"]
[BlackElo "2218"]
[PlyCount "41"]
[EventDate "2018.10.06"]
[EventType "team-tourn"]
[EventRounds "11"]
[EventCountry "AUT"]
[SourceTitle "CBM 189 Extra"]
[Source "ChessBase"]
[SourceDate "2019.06.03"]
[SourceVersion "1"]
[SourceVersionDate "2019.06.03"]
[SourceQuality "1"]
[WhiteTeam "Graz Austria"]
[BlackTeam "Trofaiach Niklasdorf"]
[WhiteTeamCountry "AUT"]
[BlackTeamCountry "AUT"]

1. d4 Nf6 2. Nf3 g6 3. Nc3 d5 4. Bf4 Bg7 5. Nb5 Na6 6. e3 0-0 7. h3 Bf5 8. Rc1 c6 9. Nc3 Qa5 10. Qd2 c5 11. Bd3 cxd4 12. exd4 Bxd3 13. cxd3 Nb4 14. 0-0 Nc6 15. Rfe1 Rfe8 16. a3 a6 17. Ra1 b5 18. b4 Qb6 19. Be5 e6 20. Ne2 a5 21. Rac1 1/2-1/2

[Event "Steyr Landesliga 1819"]
[Site "Austria"]
[Date "2018.11.17"]
[Round "5.3"]
[White "Mitter, Gerd"]
[Black "Almer, Gerald"]
[Result "1/2-1/2"]
[WhiteElo "2218"]
[BlackElo "2141"]
[PlyCount "96"]
[EventDate "2018.10.06"]
[EventType "team-tourn"]
[EventRounds "11"]
[EventCountry "AUT"]
[SourceTitle "CBM 189 Extra"]
[Source "ChessBase"]
[SourceDate "2019.06.03"]
[SourceVersion "1"]
[SourceVersionDate "2019.06.03"]
[SourceQuality "1"]
[WhiteTeam "Trofaiach Niklasdorf"]
[BlackTeam "Feldbach Kirchberg"]
[WhiteTeamCountry "AUT"]
[BlackTeamCountry "AUT"]

1. g3 Nf6 2. Bg2 g6 3. Nf3 Bg7 4. c4 b6 5. Ne5 c6 6. 0-0 Qc7 7. d4 d6 8. Nd3 e5 9. dxe5 dxe5 10. Nc3 0-0 11. a4 Bb7 12. a5 Na6 13. h3 Rfe8 14. axb6 axb6 15. Be3 e4 16. Ne1 c5 17. Qb3 Nb4 18. Nc2 Rxa1 19. Rxa1 Nc6 20. Bf4 Qd8 21. Rd1 Nd4 22. Nxd4 cxd4 23. Nb5 Nd7 24. Nd6 Nc5 25. Qb5 Re6 26. Nxb7 Nxb7 27. b4 Qa8 28. Qd7 Nd8 29. Kh2 Nc6 30. b5 Na5 31. Qd5 Qe8 32. h4 h5 33. Rb1 Qe7 34. c5 Qxc5 35. Bxe4 Qxd5 36. Bxd5 Rxe2 37. Kg2 Bf8 38. Kf3 Rc2 39. Re1 Rc5 40. Ba2 Rxb5 41. Re8 Kg7 42. Be5+ f6 43. Bxd4 Rf5+ 44. Ke4 Nb7 45. Rb8 Nd6+ 46. Ke3 Ra5 47. Be6 b5 48. Rd8 Nf5+ 1/2-1/2

[Event "Feffernitz op 27th"]
[Site "Feffernitz"]
[Date "2018.08.25"]
[Round "8"]
[White "Epishin, Vladimir"]
[Black "Mitter, Gerd"]
[Result "1-0"]
[WhiteElo "2539"]
[BlackElo "2221"]
[PlyCount "83"]
[EventDate "2018.08.19"]
[EventType "swiss"]
[EventRounds "9"]
[EventCountry "AUT"]
[SourceTitle "CBM 186 Extra"]
[Source "ChessBase"]
[SourceDate "2018.08.24"]
[SourceVersion "1"]
[SourceVersionDate "2018.08.24"]
[SourceQuality "1"]

1. d4 Nf6 2. c4 g6 3. Nc3 d5 4. cxd5 Nxd5 5. Bd2 Bg7 6. Nf3 0-0 7. Rc1 c6 8. h3 Nd7 9. Nxd5 cxd5 10. e3 e5 11. Bb4 Re8 12. Be2 Qb6 13. Ba3 exd4 14. Nxd4 Ne5 15. 0-0 Bd7 16. Qd2 Rac8 17. b3 a6 18. Bb2 Red8 19. Rfd1 Rxc1 20. Qxc1 Nc6 21. Bf3 Be6 22. Nxc6 bxc6 23. Bxg7 Kxg7 24. Qc3+ f6 25. Rc1 Rc8 26. b4 Kf7 27. a3 Qb5 28. Qd4 Rb8 29. Rc5 Qb6 30. h4 Rb7 31. h5 Qc7 32. Qc3 Qe5 33. Rxc6 Qxc3 34. Rxc3 a5 35. bxa5 Ra7 36. Rc5 Ke7 37. h6 Kd6 38. Rb5 g5 39. Rb6+ Ke5 40. a6 f5 41. Be2 Rc7 42. f4+ 1-0

[Event "Feffernitz op 27th"]
[Site "Feffernitz"]
[Date "2018.08.23"]
[Round "6"]
[White "Strobel, Matthias"]
[Black "Mitter, Gerd"]
[Result "1/2-1/2"]
[WhiteElo "2084"]
[BlackElo "2221"]
[PlyCount "73"]
[EventDate "2018.08.19"]
[EventType "swiss"]
[EventRounds "9"]
[EventCountry "AUT"]
[SourceTitle "CBM 186 Extra"]
[Source "ChessBase"]
[SourceDate "2018.08.24"]
[SourceVersion "1"]
[SourceVersionDate "2018.08.24"]
[SourceQuality "1"]

1. d4 Nf6 2. c4 g6 3. g3 Bg7 4. Bg2 d5 5. cxd5 Nxd5 6. Nf3 0-0 7. 0-0 c5 8. dxc5 Na6 9. Ng5 Ndb4 10. Nc3 Qxd1 11. Rxd1 Nxc5 12. Be3 Nca6 13. Rac1 h6 14. Nge4 Nc6 15. a3 f5 16. Nc5 Nxc5 17. Bxc5 Kf7 18. Bd5+ Be6 19. Bxe6+ Kxe6 20. b4 Rad8 21. Nb5 a6 22. Nc7+ Kf7 23. a4 Nd4 24. Bxd4 Bxd4 25. e3 Bg7 26. Rb1 Be5 27. Nd5 Ke6 28. Nb6 Bc7 29. Nc4 Rxd1+ 30. Rxd1 Rc8 31. b5 axb5 32. axb5 Bd8 33. Rd4 Bc7 34. b6 Bd6 35. Na5 Rc1+ 36. Kg2 Rb1 37. Nxb7 1/2-1/2

[Event "Feffernitz op 27th"]
[Site "Feffernitz"]
[Date "2018.08.19"]
[Round "1"]
[White "Mitter, Gerd"]
[Black "Miesenberger, Wolfgang"]
[Result "1-0"]
[WhiteElo "2221"]
[BlackElo "1719"]
[PlyCount "77"]
[EventDate "2018.08.19"]
[EventType "swiss"]
[EventRounds "9"]
[EventCountry "AUT"]
[SourceTitle "CBM 186 Extra"]
[Source "ChessBase"]
[SourceDate "2018.08.24"]
[SourceVersion "1"]
[SourceVersionDate "2018.08.24"]
[SourceQuality "1"]

1. Nf3 c5 2. g3 e6 3. Bg2 Nc6 4. 0-0 Nf6 5. c4 d6 6. d4 cxd4 7. Nxd4 Qc7 8. Nb5 Qd8 9. N1c3 a6 10. Nd4 Bd7 11. b3 Be7 12. Bb2 e5 13. Nc2 Qc8 14. Re1 Rb8 15. Ne3 b5 16. cxb5 axb5 17. Ncd5 Bh3 18. Nxe7 Kxe7 19. Bh1 Qd7 20. Rc1 Rhc8 21. Qd2 Kf8 22. Red1 Ne8 23. Rc2 Be6 24. Bxc6 Rxc6 25. Bxe5 Rbc8 26. Rxc6 Rxc6 27. Qb4 f6 28. Bb2 Qb7 29. Qe4 Kf7 30. Qxh7 Ra6 31. Qh5+ Kf8 32. Ra1 Nc7 33. Nf5 Nd5 34. e4 Nb4 35. Qh8+ Bg8 36. Rc1 Ra7 37. Nxd6 Qd7 38. Rc8+ Ke7 39. Nf5+ 1-0

[Event "Feffernitz op 26th"]
[Site "Feffernitz"]
[Date "2017.08.20"]
[Round "1"]
[White "Mitter, Gerd"]
[Black "Gruber, Othmar"]
[Result "1-0"]
[WhiteElo "2226"]
[BlackElo "1752"]
[PlyCount "81"]
[EventDate "2017.08.20"]
[EventType "swiss"]
[EventRounds "9"]
[EventCountry "AUT"]
[SourceTitle "CBM 180 Extra"]
[Source "ChessBase"]
[SourceDate "2017.10.06"]
[SourceVersion "1"]
[SourceVersionDate "2017.10.06"]
[SourceQuality "1"]

1. g3 Nf6 2. Bg2 d5 3. c4 e6 4. Nf3 Be7 5. 0-0 0-0 6. d4 Nbd7 7. Qc2 c6 8. b3 Ne4 9. Bb2 f5 10. Nbd2 Ndf6 11. Ne5 Qa5 12. Ndf3 Ba3 13. Bxa3 Qxa3 14. Nd3 dxc4 15. Qxc4 Nd6 16. Qc2 Nd5 17. e3 Ne4 18. Nfe5 Nef6 19. Nc4 Qe7 20. a3 Nd7 21. Rfe1 N7b6 22. Nce5 Qd8 23. Nc5 Re8 24. Rad1 Nf6 25. a4 Nbd5 26. a5 Qe7 27. a6 Nb4 28. Qc4 Nbd5 29. axb7 Bxb7 30. b4 Nb6 31. Qb3 Nfd5 32. Rc1 Rec8 33. Rc2 Re8 34. Nxb7 Qxb7 35. Nxc6 Rec8 36. b5 Rc7 37. Ra2 Qc8 38. Ra6 Qd7 39. h3 Nc8 40. Ne5 Qe8 41. Rxe6 1-0

[Event "Neumarkt am Wallersee op 15th"]
[Site "Neumarkt am Wallersee"]
[Date "2016.08.26"]
[Round "7"]
[White "Heigerer, Stefan"]
[Black "Mitter, Gerd"]
[Result "0-1"]
[WhiteElo "2037"]
[BlackElo "2207"]
[PlyCount "62"]
[EventDate "2016.08.20"]
[EventType "swiss"]
[EventRounds "9"]
[EventCountry "AUT"]
[SourceTitle "CBM 174 Extra"]
[Source "ChessBase"]
[SourceDate "2016.10.10"]
[SourceVersion "1"]
[SourceVersionDate "2016.10.10"]
[SourceQuality "1"]

1. d4 Nf6 2. c4 e6 3. Nf3 c5 4. d5 exd5 5. cxd5 d6 6. Nc3 g6 7. Bf4 Bg7 8. e4 0-0 9. Be2 a6 10. a4 Re8 11. Nd2 Qc7 12. Nc4 Nxe4 13. Nxe4 Rxe4 14. Bxd6 Qd8 15. Bxc5 Rxc4 16. Bxc4 Qc7 17. Qe2 Qxc5 18. 0-0 Nd7 19. Rac1 Ne5 20. Bxa6 Qb6 21. Bb5 Bg4 22. Qd2 Rd8 23. b3 h5 24. Rfe1 Qd6 25. f4 Qb6+ 26. Kh1 Nf3 27. a5 Qxb5 28. gxf3 Bxf3+ 29. Kg1 Rxd5 30. Rc8+ Kh7 31. Qc2 Bd4+ 0-1

[Event "Neumarkt am Wallersee op 15th"]
[Site "Neumarkt am Wallersee"]
[Date "2016.08.24"]
[Round "5"]
[White "Melde, Volker"]
[Black "Mitter, Gerd"]
[Result "0-1"]
[WhiteElo "1914"]
[BlackElo "2207"]
[PlyCount "86"]
[EventDate "2016.08.20"]
[EventType "swiss"]
[EventRounds "9"]
[EventCountry "AUT"]
[SourceTitle "CBM 174 Extra"]
[Source "ChessBase"]
[SourceDate "2016.10.10"]
[SourceVersion "1"]
[SourceVersionDate "2016.10.10"]
[SourceQuality "1"]

1. e4 Nf6 2. e5 Nd5 3. c4 Nb6 4. d4 d6 5. f4 dxe5 6. fxe5 c5 7. Nf3 cxd4 8. Qxd4 Qxd4 9. Nxd4 Bd7 10. Nc3 e6 11. Ncb5 Na6 12. Be3 Bb4+ 13. Kf2 0-0 14. a3 Be7 15. h4 f6 16. exf6 Bxf6 17. Ke1 e5 18. Nf3 e4 19. Nfd4 Be5 20. Rb1 Bg4 21. b3 Nc5 22. Be2 Nd3+ 23. Kd2 Bd7 24. Rbf1 Nf4 25. g3 Nxe2 26. Rxf8+ Rxf8 27. Nxe2 Bxb5 28. cxb5 Rd8+ 29. Kc2 Nd5 30. Bf4 Bxf4 31. Nxf4 Nxf4 32. gxf4 Kf7 33. Re1 Re8 34. a4 Kf6 35. Kc3 Kf5 36. Rf1 e3 37. Kd3 e2 38. Re1 b6 39. Rxe2 Rxe2 40. Kxe2 Kxf4 41. b4 Kg4 42. a5 Kxh4 43. Kf3 g5 0-1

[Event "Feffernitz op 24th"]
[Site "Feffernitz"]
[Date "2015.08.21"]
[Round "7"]
[White "Hipfl, Werner"]
[Black "Mitter, Gerd"]
[Result "0-1"]
[WhiteElo "1917"]
[BlackElo "2215"]
[PlyCount "56"]
[EventDate "2015.08.16"]
[EventType "swiss"]
[EventRounds "9"]
[EventCountry "AUT"]
[SourceTitle "EXT 2016"]
[Source "ChessBase"]
[SourceDate "2015.10.08"]
[SourceVersion "1"]
[SourceVersionDate "2015.10.08"]
[SourceQuality "1"]

1. Nf3 Nf6 2. d4 g6 3. c4 Bg7 4. Nc3 d5 5. Bf4 0-0 6. e3 c5 7. dxc5 Qa5 8. Rc1 dxc4 9. Bxc4 Qxc5 10. Qb3 Nc6 11. 0-0 Na5 12. Qb5 Qxb5 13. Bxb5 a6 14. Be2 Be6 15. b3 Rac8 16. Nd4 Nd5 17. Nxd5 Bxd5 18. Bc7 Nc6 19. Bb6 Nxd4 20. exd4 Bh6 21. Rc5 e6 22. f4 Rfe8 23. g3 Bf8 24. Rxc8 Rxc8 25. Bf3 Bxf3 26. Rxf3 Rc6 27. Ba5 Bg7 28. Bc3 Rxc3 0-1

[Event "Feffernitz op 24th"]
[Site "Feffernitz"]
[Date "2015.08.16"]
[Round "2"]
[White "Mitter, Gerd"]
[Black "Faerber, David"]
[Result "1/2-1/2"]
[WhiteElo "2215"]
[BlackElo "1957"]
[PlyCount "35"]
[EventDate "2015.08.16"]
[EventType "swiss"]
[EventRounds "9"]
[EventCountry "AUT"]
[SourceTitle "EXT 2016"]
[Source "ChessBase"]
[SourceDate "2015.10.08"]
[SourceVersion "1"]
[SourceVersionDate "2015.10.08"]
[SourceQuality "1"]

1. Nf3 d5 2. g3 Nf6 3. Bg2 c6 4. c4 Bf5 5. 0-0 Nbd7 6. cxd5 cxd5 7. Nc3 e6 8. d3 Bc5 9. Bg5 h6 10. Bxf6 Nxf6 11. Qa4+ Qd7 12. Nb5 0-0 13. Ne5 Qe7 14. Rac1 Rac8 15. d4 Bb6 16. e3 a6 17. Nc3 Bc7 18. Nf3 1/2-1/2

[Event "Steyr Landesliga 1415"]
[Site "Austria"]
[Date "2015.04.25"]
[Round "11.4"]
[White "Schieder, Andreas"]
[Black "Mitter, Gerd"]
[Result "1-0"]
[WhiteElo "2174"]
[BlackElo "2215"]
[PlyCount "47"]
[EventDate "2014.09.27"]
[EventType "team-tourn"]
[EventRounds "11"]
[EventCountry "AUT"]
[SourceTitle "EXT 2016"]
[Source "ChessBase"]
[SourceDate "2015.10.08"]
[SourceVersion "1"]
[SourceVersionDate "2015.10.08"]
[SourceQuality "1"]
[WhiteTeam "Pinggau Friedberg"]
[BlackTeam "Trofaiach Niklasdorf"]
[WhiteTeamCountry "AUT"]
[BlackTeamCountry "AUT"]

1. e4 c5 2. d4 cxd4 3. c3 d5 4. exd5 Qxd5 5. cxd4 Nc6 6. Nf3 Bg4 7. Be2 e6 8. Nc3 Qd6 9. h3 Bh5 10. Nb5 Qb8 11. Ne5 Bxe2 12. Qxe2 Bb4+ 13. Kf1 Nf6 14. Bf4 Nd5 15. Nxc6 Qxf4 16. g3 Qd2 17. Nd6+ Kd7 18. Ne5+ Ke7 19. Qb5 Nb6 20. Ndc4 Qxd4 21. Qxb4+ Kf6 22. Ng4+ Kg5 23. Qe7+ Kh5 24. Qh4+ 1-0